000 00483nam a22001817a 4500
005 20251108165152.0
008 250721s1993 xx 000 0 ara d
082 1 4 _a907.2/محم
100 1 _aقطب، محمد
245 1 0 _aكيف نكتب التاريخ الإسلامي /
250 _aط2
264 1 _aبيروت :
_bدار الشروق،
_c1993.
300 _a263ص
650 1 7 _aعلم التاريخ
650 1 7 _aالتاريخ
942 _2ddc
_cBK
999 _c21144
_d21144